<?xml version="1.0" encoding="UTF-8"?>
<marc:record xmlns:marc="http://www.loc.gov/MARC21/slim">
   <marc:leader>00000nam a2200000 a 4500</marc:leader>
   <marc:datafield ind1="1" ind2=" " tag="100">
      <marc:subfield code="a">Tremayne, Peter</marc:subfield>
      <marc:subfield code="4">aut</marc:subfield>
      <marc:subfield code="e">Verfasser/-in</marc:subfield>
   </marc:datafield>
   <marc:datafield ind1="0" ind2="0" tag="245">
      <marc:subfield code="a">Die Tote im Klosterbrunnen</marc:subfield>
   </marc:datafield>
   <marc:datafield ind1="0" ind2="0" tag="245">
      <marc:subfield code="b">historischer Kriminalroman</marc:subfield>
   </marc:datafield>
   <marc:datafield ind1="0" ind2="0" tag="245">
      <marc:subfield code="c">Peter Tremayne</marc:subfield>
   </marc:datafield>
   <marc:datafield ind1=" " ind2="1" tag="264">
      <marc:subfield code="a">Berlin</marc:subfield>
      <marc:subfield code="b">Aufbau-Taschenbuch</marc:subfield>
      <marc:subfield code="c">2014</marc:subfield>
   </marc:datafield>
   <marc:datafield ind1=" " ind2=" " tag="250">
      <marc:subfield code="a">1. Aufl.</marc:subfield>
   </marc:datafield>
   <marc:datafield ind1="1" ind2=" " tag="520">
      <marc:subfield code="a">Angaben aus der Verlagsmeldung

Die Tote im Klosterbrunnen : Historischer Kriminalroman Tremayne. Die Tote im Klosterbrunnen(TB) / von Peter Tremayne

Schwester Fidelma steht vor einem Rätsel

Irland 666: In einer irischen Schwesternabtei findet man im Klosterbrunnen eine junge Frau, nackt und enthauptet. Man ruft Schwester Fidelma, eine Nonne königlichen Geblüts, um das Verbrechen aufzuklären. Fidelma, die unabhängige und selbstbewußte Heldin dieser Krimiserie, agiert in einer Welt des frühen Christentums, in der keltische Mythen und Bräuche noch starken Einfluß haben. Toleranz und Aufgeklärtheit der gebildeten Frau sichern ihr Macht und Einfluß.

"Das beste an diesem Buch ist Schwester Fidelma - eine kluge, emanzipierte, mutige Frau, die ihre Widersacher in Grund und Boden argumentiert." Südwestrundfunk

"Spannung und Humor - das ist die unwiderstehliche Mischung dieser irischen Krimis."
NDR
</marc:subfield>
   </marc:datafield>
   <marc:datafield ind1=" " ind2=" " tag="020">
      <marc:subfield code="a">9783746630465</marc:subfield>
      <marc:subfield code="9">9783746630465</marc:subfield>
   </marc:datafield>
   <marc:datafield ind1=" " ind2=" " tag="020">
      <marc:subfield code="a">3746630460</marc:subfield>
      <marc:subfield code="9">3746630460</marc:subfield>
   </marc:datafield>
   <marc:datafield ind1=" " ind2=" " tag="041">
      <marc:subfield code="a">ger</marc:subfield>
   </marc:datafield>
   <marc:datafield ind1=" " ind2=" " tag="300">
      <marc:subfield code="a">439 S.</marc:subfield>
   </marc:datafield>
</marc:record>
